[Event "ESP-ch 83rd"]
[Site "Linares"]
[Date "2018.08.25"]
[Round "6"]
[White "Diaz Castro, Sergio"]
[Black "Anillo Fernandez, Isabel Maria"]
[Result "1-0"]
[WhiteElo "2289"]
[BlackElo "1924"]
[PlyCount "93"]
[EventDate "2018.08.20"]
[EventType "swiss"]
[EventRounds "9"]
[EventCountry "ESP"]
[SourceTitle "CBM 186 Extra"]
[Source "ChessBase"]
[SourceDate "2018.08.24"]
[SourceVersion "1"]
[SourceVersionDate "2018.08.24"]
[SourceQuality "1"]

1. b3 e5 2. Bb2 Nc6 3. e3 d6 4. d4 exd4 5. exd4 d5 6. Nf3 Nf6 7. Bb5 Bd7 8. 0-0 Be7 9. Re1 0-0 10. Nbd2 a6 11. Bf1 Bf5 12. Ne5 Nxe5 13. dxe5 Ne4 14. Bd3 Bb4 15. Bxe4 dxe4 16. c3 Ba5 17. Nxe4 Qxd1 18. Raxd1 Rad8 19. Ng3 Bc2 20. Rc1 Rd2 21. Nf1 Rfd8 22. Nxd2 Rxd2 23. e6 fxe6 24. Rxe6 Bxb3 25. axb3 Rxb2 26. b4 Bb6 27. Re7 Rxf2 28. Kh1 a5 29. bxa5 Bxa5 30. c4 Rf5 31. g3 b5 32. Rd1 c6 33. cxb5 cxb5 34. Rdd7 Bc3 35. Re8+ Rf8 36. Rxf8+ Kxf8 37. Kg2 h6 38. Kf3 Kg8 39. Ke4 Kh7 40. Kf5 b4 41. Rb7 Bd2 42. g4 Be1 43. h3 Bd2 44. h4 b3 45. g5 hxg5 46. hxg5 b2 47. g6+ 1-0

[Event "ESP-chT CECLUB Div2"]
[Site "Linares"]
[Date "2018.08.15"]
[Round "3.5"]
[White "Anillo Fernandez, Isabel Maria"]
[Black "Ortin Blanco, Ainhoa"]
[Result "0-1"]
[WhiteElo "1924"]
[BlackElo "1951"]
[PlyCount "90"]
[EventDate "2018.08.14"]
[EventType "team-swiss"]
[EventRounds "7"]
[EventCountry "ESP"]
[SourceTitle "CBM 186 Extra"]
[Source "ChessBase"]
[SourceDate "2018.08.24"]
[SourceVersion "1"]
[SourceVersionDate "2018.08.24"]
[SourceQuality "1"]
[WhiteTeam "Oromana Broncesval"]
[BlackTeam "Casablanca Stadium"]
[WhiteTeamCountry "ESP"]
[BlackTeamCountry "ESP"]

1. e4 c5 2. Nf3 Nc6 3. d4 cxd4 4. Nxd4 e5 5. Nb5 d6 6. c4 Be7 7. N1c3 a6 8. Na3 f5 9. exf5 Bxf5 10. Nc2 Nf6 11. Ne3 Bg6 12. Bd3 e4 13. Be2 Ne5 14. 0-0 0-0 15. Ng4 Kh8 16. Nxf6 Bxf6 17. Qd5 Nd3 18. Nxe4 Nxc1 19. Raxc1 Be5 20. Ng3 Qb6 21. Bf3 Qxb2 22. a4 Rab8 23. Rcd1 Qb3 24. c5 Qxd5 25. Rxd5 Bf7 26. Rxd6 Bxd6 27. cxd6 Bb3 28. a5 Rbd8 29. Ne4 Bd5 30. Rd1 Bxe4 31. Bxe4 Rf6 32. d7 b6 33. axb6 Rxb6 34. f3 g6 35. h4 Kg7 36. Kf2 a5 37. Rd5 Ra6 38. Bd3 Ra7 39. Bb5 a4 40. Rd2 a3 41. Rd1 Kf6 42. Ke3 Ke7 43. g4 Rb8 44. Bd3 Rxd7 45. Kd2 Rxd3+ 0-1

[Event "Andalucia-chA"]
[Site "Algeciras"]
[Date "2018.05.19"]
[Round "6"]
[White "Maldonado Mena, German"]
[Black "Anillo Fernandez, Isabel Maria"]
[Result "0-1"]
[WhiteElo "1851"]
[BlackElo "1925"]
[PlyCount "118"]
[EventDate "2018.05.12"]
[EventType "swiss"]
[EventRounds "8"]
[EventCountry "ESP"]
[SourceTitle "EXT 2020"]
[Source "ChessBase"]
[SourceDate "2019.10.17"]
[SourceVersion "1"]
[SourceVersionDate "2019.10.17"]
[SourceQuality "1"]

1. d4 Nf6 2. Nf3 c5 3. e3 g6 4. c3 b6 5. Bd3 Bb7 6. Nbd2 Bg7 7. 0-0 0-0 8. e4 d6 9. Re1 cxd4 10. Nxd4 Nbd7 11. N2b3 Rc8 12. f4 Nc5 13. e5 dxe5 14. fxe5 Qd5 15. Re2 Nxd3 16. Qxd3 Ng4 17. Qg3 Nxe5 18. Bf4 Nc4 19. Rxe7 Bf6 20. Re2 Rfe8 21. Rae1 Rxe2 22. Rxe2 Bg7 23. Qf2 Rd8 24. Qg3 b5 25. Bg5 Rc8 26. Be7 h6 27. Nf3 Re8 28. Qe1 a5 29. Bh4 Rxe2 30. Qxe2 Qe4 31. Qxe4 Bxe4 32. Bd8 b4 33. Nxa5 bxc3 34. bxc3 Na3 35. Nd2 Bd3 36. c4 Bd4+ 37. Kh1 Be3 38. Nf3 Nxc4 39. Nxc4 Bxc4 40. a4 Kf8 41. Ne5 Be2 42. a5 Ke8 43. Bf6 Bd2 44. Nc6 Kd7 45. Nb8+ Kc7 46. Be5+ Kb7 47. a6+ Ka7 48. Kg1 Bb5 49. Kf2 f6 50. Bd6 Bc3 51. Ke3 Be5 52. Bxe5 fxe5 53. Ke4 Kxb8 54. Kxe5 Bxa6 55. Kf6 Bd3 56. g4 h5 57. Kg5 Be2 58. Kxg6 Bxg4 59. h3 Bd1 0-1

[Event "Andalucia-chA"]
[Site "Algeciras"]
[Date "2018.05.18"]
[Round "4"]
[White "Alshameary Puente, Ismael"]
[Black "Anillo Fernandez, Isabel Maria"]
[Result "1-0"]
[WhiteElo "2355"]
[BlackElo "1925"]
[PlyCount "49"]
[EventDate "2018.05.12"]
[EventType "swiss"]
[EventRounds "8"]
[EventCountry "ESP"]
[SourceTitle "EXT 2020"]
[Source "ChessBase"]
[SourceDate "2019.10.17"]
[SourceVersion "1"]
[SourceVersionDate "2019.10.17"]
[SourceQuality "1"]

1. d4 Nf6 2. c4 c5 3. d5 b5 4. cxb5 a6 5. Nc3 axb5 6. e4 b4 7. Nb5 d6 8. a4 bxa3 9. Rxa3 Rxa3 10. bxa3 g6 11. Qa4 Bd7 12. Qa7 Bg7 13. Nc7+ Kf8 14. Bd3 Ne8 15. Nxe8 Bxe8 16. Ne2 Nd7 17. Bd2 h5 18. 0-0 Ne5 19. Rb1 Bf6 20. f4 Qd7 21. Rb7 Qxb7 22. Qxb7 Nxd3 23. Qb3 c4 24. Qxc4 Nc5 25. e5 1-0

[Event "Andalucia-ch U16"]
[Site "Islantilla"]
[Date "2012.04.14"]
[Round "5"]
[White "Garcia Calderon, Pablo"]
[Black "Anillo Fernandez, Isabel Maria"]
[Result "0-1"]
[WhiteElo "1453"]
[BlackElo "1648"]
[PlyCount "60"]
[EventDate "2012.04.13"]
[EventType "swiss"]
[EventRounds "9"]
[EventCountry "ESP"]
[SourceTitle "CBM 148 Extra"]
[Source "ChessBase"]
[SourceDate "2012.06.22"]
[SourceVersion "1"]
[SourceVersionDate "2012.06.22"]
[SourceQuality "1"]

1. Nf3 Nf6 2. c4 d6 3. d4 c5 4. e3 g6 5. Nbd2 Nbd7 6. g3 Bg7 7. Bg2 Rb8 8. 0-0 b5 9. b3 0-0 10. Bb2 a6 11. Qe2 Bb7 12. Rfd1 Qc7 13. Rac1 Ne4 14. Nxe4 Bxe4 15. dxc5 dxc5 16. Bxg7 Kxg7 17. Ne5 Qxe5 18. Rxd7 Bxg2 19. Kxg2 Rfd8 20. Rcd1 Rxd7 21. Rxd7 Rb6 22. Rd5 Qc7 23. Qd3 Rd6 24. cxb5 Rxd5 25. Qxd5 axb5 26. a4 bxa4 27. bxa4 c4 28. a5 c3 29. a6 c2 30. Qd4+ e5 0-1

[Event "Andalucia-ch U18"]
[Site "Almeria"]
[Date "2011.04.18"]
[Round "4.13"]
[White "Anillo Fernandez, Isabel Maria"]
[Black "Orantes Taboada, Manuel"]
[Result "1-0"]
[WhiteElo "1597"]
[BlackElo "1854"]
[PlyCount "73"]
[EventDate "2011.04.16"]
[EventType "swiss"]
[EventRounds "8"]
[EventCountry "ESP"]
[SourceTitle "EXT 2024"]
[Source "ChessBase"]
[SourceDate "2023.10.10"]
[SourceVersion "1"]
[SourceVersionDate "2023.10.10"]
[SourceQuality "1"]

1. e4 d6 2. d4 Nf6 3. Nc3 g6 4. f4 Bg7 5. Nf3 c5 6. d5 0-0 7. Bd3 e6 8. 0-0 exd5 9. Nxd5 Nxd5 10. exd5 Bg4 11. h3 Bxf3 12. Qxf3 Nd7 13. Rb1 a6 14. a4 Re8 15. b3 Qb6 16. Kh2 Rac8 17. c4 Bd4 18. Bd2 Re7 19. Bc2 Rce8 20. Rbe1 Rxe1 21. Rxe1 Qd8 22. Rxe8+ Qxe8 23. g4 f6 24. Be4 Kf7 25. h4 Nb6 26. f5 Qe5+ 27. Kg2 Nd7 28. fxg6+ hxg6 29. Bf4 Qe7 30. h5 gxh5 31. gxh5 Kg7 32. Qg4+ Kh8 33. Qe6 Qg7+ 34. Bg6 Be5 35. Qe8+ Nf8 36. Bd2 f5 37. Kf3 1-0

[Event "Andalucia-ch U16 1011"]
[Site "Almeria"]
[Date "2011.03.25"]
[Round "3.6"]
[White "Garcia Gonzalez, Antonio"]
[Black "Anillo Fernandez, Isabel Maria"]
[Result "0-1"]
[WhiteElo "1606"]
[BlackElo "1597"]
[PlyCount "32"]
[EventDate "2011.03.25"]
[EventType "swiss"]
[EventRounds "9"]
[EventCountry "ESP"]
[SourceTitle "EXT 2024"]
[Source "ChessBase"]
[SourceDate "2023.10.10"]
[SourceVersion "1"]
[SourceVersionDate "2023.10.10"]
[SourceQuality "1"]

1. e4 d6 2. Nf3 Nf6 3. Nc3 g6 4. Bc4 Bg7 5. d4 0-0 6. Bb3 Na6 7. h3 c5 8. d5 Nc7 9. 0-0 a6 10. a4 b6 11. Nh4 e6 12. Bg5 h6 13. Bxf6 Bxf6 14. Nf3 Bg7 15. Nh2 e5 16. Qd2 Kh7 0-1

[Event "Malaga op 13th"]
[Site "Malaga"]
[Date "2010.02.22"]
[Round "4"]
[White "Barroso Campos, Manuel"]
[Black "Anillo Fernandez, Isabel Maria"]
[Result "1-0"]
[WhiteElo "1910"]
[BlackElo "1453"]
[PlyCount "121"]
[EventDate "2010.02.20"]
[EventType "swiss"]
[EventRounds "9"]
[EventCountry "ESP"]
[SourceTitle "CBM 135 Extra"]
[Source "ChessBase"]
[SourceDate "2010.05.04"]
[SourceVersion "1"]
[SourceVersionDate "2010.05.04"]
[SourceQuality "1"]

1. e4 c5 2. Nf3 Nc6 3. d4 cxd4 4. Nxd4 Nf6 5. Nc3 e5 6. Ndb5 d6 7. Bg5 a6 8. Na3 b5 9. Nd5 Be7 10. Bxf6 Bxf6 11. c3 Bg5 12. Nc2 0-0 13. Bd3 Ne7 14. Nce3 Bxe3 15. Nxe3 Bb7 16. 0-0 d5 17. Qc2 dxe4 18. Bxe4 Bxe4 19. Qxe4 Qc7 20. Rad1 Rad8 21. g3 Qc5 22. Qb7 a5 23. b4 axb4 24. cxb4 Qxb4 25. Rb1 Qd6 26. Rfd1 Rb8 27. Qe4 Qe6 28. Rb3 f6 29. Rdb1 Rfc8 30. a4 f5 31. Qd3 Rd8 32. Qe2 f4 33. Ng2 Qf6 34. axb5 Kh8 35. Qf3 Nd5 36. Qe4 Rbc8 37. Re1 fxg3 38. hxg3 Qf7 39. Qxe5 Nf4 40. Qb2 Nh3+ 41. Kf1 Qc4+ 42. Re2 Rd1+ 43. Ne1 Rf8 44. f3 Qc5 45. Kg2 Qg1+ 46. Kxh3 Qh1+ 47. Kg4 h5+ 48. Kg5 Rd5+ 49. Re5 Qg1 50. f4 Qc5 51. Kxh5 Rf5+ 52. Kg4 Rfxe5 53. fxe5 Rxe5 54. Nf3 Rh5 55. Nh4 Rg5+ 56. Kh3 Qg1 57. Qg2 Qd1 58. Rf3 Qd7+ 59. Kh2 Rxb5 60. Rf8+ Kh7 61. Qc2+ 1-0